ბათუმის შოთა რუსთაველის სახელმწიფო უნივერსიტეტის ბიბლიოთეკა

Bethesda Handbook Of Clinical Oncology / (ბიბ.ჩანაწერი № 61684)

000 -LEADER
fixed length control field 00815nam a22002057a 4500
005 - DATE AND TIME OF LATEST TRANSACTION
control field 20240416165332.0
008 - FIXED-LENGTH DATA ELEMENTS--GENERAL INFORMATION
fixed length control field 240416s2005 enk||||| |||| 00| 0 eng d
020 ## - INTERNATIONAL STANDARD BOOK NUMBER
International Standard Book Number 9780781751162x
041 ## - LANGUAGE CODE
Language code of text/sound track or separate title eng
080 ## - UNIVERSAL DECIMAL CLASSIFICATION NUMBER
Universal Decimal Classification number 616-006.6 B-34
245 ## - TITLE STATEMENT
Title Bethesda Handbook Of Clinical Oncology /
Statement of responsibility, etc. Editor Jame Abraham, Gulley, James L., Allegra, Carmen J.
250 ## - EDITION STATEMENT
Edition statement Second edition
264 ## - PRODUCTION, PUBLICATION, DISTRIBUTION, MANUFACTURE, AND COPYRIGHT NOTICE
Place of production, publication, distribution, manufacture Philadelphia :
Name of producer, publisher, distributor, manufacturer Lippincott Williams & Wilkins,
Date of production, publication, distribution, manufacture, or copyright notice 2005.
300 ## - PHYSICAL DESCRIPTION
Extent 688 p.:
Other physical details ill.;
Dimensions 24 cm.
653 ## - INDEX TERM--UNCONTROLLED
keyword კლინიკური ონკოლოგიის სახელმძღვანელო
653 ## - INDEX TERM--UNCONTROLLED
keyword მედიცინა
700 ## - ADDED ENTRY--PERSONAL NAME
Personal name Gulley, James L.
Relator term რედაქტორი
9 (RLIN) 21825
700 ## - ADDED ENTRY--PERSONAL NAME
Personal name Allegra, Carmen J.
Relator term რედაქტორი
9 (RLIN) 21826
942 ## - ADDED ENTRY ELEMENTS (KOHA)
Source of classification or shelving scheme
Koha item type წიგნი
ეგზემპლარები
Withdrawn status Lost status Source of classification or shelving scheme Damaged status Not for loan Permanent Location Current Location Shelving location Date acquired Cost, normal purchase price Full call number Barcode Date last seen Copy number Price effective from Koha item type Public note
          ბათუმის შოთა რუსთაველის სახელმწიფო უნივერსიტეტის მთავარი ბიბლიოთეკა ბათუმის შოთა რუსთაველის სახელმწიფო უნივერსიტეტის მთავარი ბიბლიოთეკა წიგნსაცავი 2024-04-16 96.00 616-006.6 B-34 67845 2024-04-16 67845 2024-04-16 წიგნი 96 ლ.